000 00758nam a22002177a 4500
999 _c6798
_d6798
001 20819
003 BD-DhUAP
005 20210110115832.0
008 210107s2011 ii |||| |||| 000 0 ben d
020 _a9788129512093
040 _aBD-DhUAP
_bBen
_cBD-DhUAP
_dBD-DhUAP
082 _223
_a954.02 MUR
245 _aমুর্শিদাবাদের ইতিহাস /
_cসম্পাদনায় কমল চৌধুরী।
260 _aকলকাতা :
_bদে'জ,
_cc২০১১।
300 _aপর্ব ;
_c২৩ সেমি.।
500 _aনির্ঘণ্ট সম্বলিত।
505 _aপর্ব- ২।
650 _aHistory
_zIndia.
700 _aচৌধুরী, কমল।
942 _2ddc
_cBK